MARC

LEADER 00000nam0a2200000 4500
001 254970
005 20231101233002.0
010 |a 5020244015 
020 |a RU  |b 89-59752 
035 |a (RuTPU)RU\TPU\book\277472 
090 |a 254970 
100 |a 20140325d1989 k a0rusy5003 ca 
101 0 |a rus 
102 |a RU 
105 |a a z 001zy 
200 1 |a Эволюция минералообразования в гидротермальных палеосистемах  |f В. И. Силаев  |g Академия наук СССР (АН СССР) ; под ред. Н. П. Юшкина 
210 |a Ленинград  |c Наука  |d 1989 
215 |a 263 с.  |c ил. 
320 |a Библиогр.: с. 247-262. 
606 1 |a Минералообразование гидротермальное  |2 stltpush  |3 (RuTPU)RU\TPU\subj\43928  |9 63344 
610 1 |a палеосистемы 
610 1 |a рудообразование гидротермальное 
610 1 |a топоминералогия 
610 1 |a минералы-индикаторы 
610 1 |a полиметаллические месторождения 
610 1 |a рудогенез 
675 |a 553.2.065  |z rus 
700 1 |a Силаев  |b В. И.  |g Валерий Иванович 
702 1 |a Юшкин  |b Н. П.  |4 340 
712 0 2 |a Академия наук СССР (АН СССР)  |2 stltpush  |3 (RuTPU)RU\TPU\col\722 
801 0 |a RU  |b RuMRKP  |c 19950417  |g psbo 
801 1 |a RU  |b 63413507  |c 20140325 
801 2 |a RU  |b 63413507  |c 20140626  |g RCR 
942 |c BK